02533nam a2200217 4500003000800000005001700008007000300025008004100028020001800069040004000087041000800127100001000135245007700145264003500222300002000257336002900277337002800306338002800334505102300362520093001385vecauma20260304203310.0ta260304b ve ||||| |||| 00| 0 spa d a9786071503350 avecaumabspacvecaumadvecaumaerda aspa1 eautor1 aMicroeconomía con aplicaciones a Latinoamérica c/Paul A. Samuelson  aMéxico:bMcGRAW-Hill;c2010. a403 páginas.  atextobtxt2rdacontenido ano mediadobn2rdamedio avolumenbnc2rdasoporte0 a Conceptos básicos Los fundamentos de la economía La moderna economía mixta Conceptos básicos de la oferta y de la demanda Microeconomía: oferta, demanda y mercados de productos Oferta y demanda: elasticidad y aplicaciones Demanda y comportamiento del consumidor Producción y organización de los negocios Análisis de costos Análisis de los mercados perfectamente competitivos La competencia imperfecta y el monopolio Los mercados de los factores: trabajo, tierra y capital Forma en que los mercados determinan los ingresos El mercado de trabajo La Tierra, los recursos naturales y el ambiente Capital, interés y utilidades Aplicaciones de los principios económicos Los impuestos y los gastos gubernamentales Eficiencia contra igualdad: el gran intercambio El comercio internacional 3 aCon un contenido tan actual y relevante como siempre, Microeconomía con aplicaciones a Latinoamérica, de Samuelson y Nordhaus, sigue siendo la obra que establece el modelo en la introducción a los principios de la economía moderna. La decimonovena edición de este texto atemporal cuenta con una perspectiva actualizada de los mercados financieros y de la política monetaria. y cubre los siguientes temas de actualidad: •Gasolina y racionamiento •Compensaciones ejecutivas •Costo de la guerra en Irak •La vivienda y la aversión a la pérdida •Economía del calentamiento global •Principios de la seguridad social •Fuentes de la desigualdad creciente Esta nueva edición también sigue dando especial énfasis al aspecto analítico de la economía, en particular al crecimiento económico y al estudio de la economía de mercado, y en general a los conceptos más importantes del curso.